Guess the singer - K - Statistics

General Stats
  • This quiz has been taken 97 times
  • The average score is 11 of 30
Answer Stats
Hint Answer % Correct
I Kissed a Girl Katy Perry
94%
Tik Tok Kesha
83%
Mr. Brightside The Killers
75%
Since U Been Gone Kelly Clarkson
70%
Running Up That Hill Kate Bush
66%
Sex on Fire Kings of Leon
62%
Footloose Kenny Loggins
55%
Humble Kendrick Lamar
51%
Rock and Roll All Nite KISS
51%
Can't Get You Out of My Head Kylie Minogue
51%
Somewhere Only We Know Keane
39%
Celebration Kool and the Gang
38%
Young Dumb & Broke Khalid
36%
Flashing Lights Kanye West
35%
The Gambler Kenny Rogers
35%
My Sharona The Knack
35%
Day 'N' Nite Kid Cudi
34%
Bette Davis Eyes Kim Carnes
34%
All Summer Long Kid Rock
27%
telepatia Kali Uchis
21%
Naive The Kooks
16%
Dancing in the Moonlight King Harvest
12%
Firestone Kygo
11%
Follow Your Arrow Kacey Musgraves
10%
Foundations Kate Nash
10%
Brokenhearted Karmin
9%
Wake Up in the Sky Kodak Black
7%
You'll Think of Me Keith Urban
6%
Heart to Break Kim Petras
6%
Take It So Hard Keith Richards
3%
No matching quizzes found
Score Distribution
Percent of People with Each Score
Percentile by Number Answered
Your Score History
You have not taken this quiz